Science Quiz

Random Science or Math Quiz

The Order of Operations Quiz Stats

 Plays Quiz Updated Nov 12, 2018

Support Sporcle.
Go Orange.
Score 0/6 Timer 01:00
28 Plays Today
Hint Operation % Correct
MMultiplication
92.8%
DDivision
92.5%
AAddition
91.8%
PParenthesis
90.7%
SSubtraction
89.8%
EExponents
86.2%

From the Vault

20 Television Mistakes

by Aprilli

This is what you call a 'whoopsie'!
Remove Ads.
Support Sporcle.
Get the best of Sporcle when you Go Orange. This ad-free experience offers more features, more stats, and more fun while also helping to support Sporcle. Thank you for becoming a member.

Show Comments

Extras

Top Quizzes Today


Score Distribution

Your Account Isn't Verified!

In order to create a playlist on Sporcle, you need to verify the email address you used during registration. Go to your Sporcle Settings to finish the process.

Report this User

Report this user for behavior that violates our Community Guidelines.

Details: